000 00391cam a22001337a 4500
008 180718b1979 xxu||||| |||| 00| 0 eng d
082 _aK23x5433 P969/1977-79
100 _aPunjab. Pay Commission
245 _aReport of Punjab Pay Commission, 1977-79
260 _aChandigarh
_bThe author
_c1979
300 _a470+p.
500 _aChairman: D.K. Mahajan
700 _aMahajan, D.K. (Chairman)
999 _c489321
_d489321